000 00861cam a22002773a 4500
001 12922
003 PGUSA
005 20140828083259.0
008 040717s2004||||xxu|||||s|||||000 | eng d
040 _aPGUSA
_beng
042 _adc
050 4 _aDA
100 1 _aMorley, John,
_d1838-1923
245 1 0 _aBurke
_h[electronic resource] /
_cJohn Morley
260 _bProject Gutenberg,
_c2004
506 _aPublic domain in the USA.
516 _aElectronic text
653 _aGreat Britain -- Politics and government -- 18th century
653 _aStatesmen -- Great Britain -- Biography
653 _aBurke, Edmund, 1729-1797
653 _aOrators -- Great Britain -- Biography
653 _aPolitical scientists -- Great Britain -- Biography
830 0 _aProject Gutenberg
_v12922
856 4 0 _uhttp://www.gutenberg.org/ebooks/12922
942 _cEB
999 _c242177
_d242177